La Venezuela rentista: imaginario político y populismo/
Guardado en:
| Hovedforfatter: | |
|---|---|
| Format: | Bog |
| Sprog: | Spanish |
| Tags: |
Tilføj Tag
Ingen Tags, Vær først til at tagge denne postø!
|
MARC
| LEADER | 00000nam a22000007a 4500 | ||
|---|---|---|---|
| 003 | cru CIDCACS/IIS | ||
| 005 | 20180126062532.0 | ||
| 007 | ta | ||
| 008 | 180124t2012 ve |||p|r||||||0| 0|spa|d | ||
| 999 | |c 40877 |d 40877 | ||
| 040 | |c cru CIDCACS/IIS | ||
| 100 | 1 | |9 4979 |a Arenas, Nelly | |
| 245 | 1 | 3 | |a La Venezuela rentista: |b imaginario político y populismo/ |c Nelly Arenas |
| 300 | |a páginas 137-145 | ||
| 773 | 0 | |0 40876 |9 1757 |a Centro de Estudios del Desarrollo, CENDES |d Venezuela: CENDES, 1983- |o 18819 |t Revista Cuadernos del Cendes/ |x 10122508 | |
| 942 | |2 ddc |c PP | ||
